| 000 | 00393cam a22001451 4500 | ||
|---|---|---|---|
| 082 | 0 | 0 |
_a512.5 _bHAD |
| 100 | 1 |
_aHadley, G. _939120 |
|
| 245 | 1 | 0 | _aLinear algebra. |
| 260 |
_aReading, Mass., _bAddison-Wesley Pub. Co. _c[1961] |
||
| 300 |
_a290 p. _billus. _c24 cm. |
||
| 526 |
_a0 _b0 _c0 _d512_500000000000000_HAD |
||
| 650 | 0 |
_aAlgebras, Linear. _910720 |
|
| 650 | 0 |
_aMCE _9379 |
|
| 942 |
_2ddc _cBK |
||
| 999 |
_c543666 _d543666 |
||